Bibliographie zu Leben und Werk des Veit Stoss

Titel: Bibliographie zu Leben und Werk des Veit Stoss / Eduard Isphording
Verfasser:
In: Veit Stoss, (1985), Seite 297-345
alle Artikel anzeigen
Veröffentlicht: 1985
Format: Aufsatz
Sprache: Deutsch
Schlagworte:
Kein Bild verfügbar
X
alg: 54314719
001A    $03025:23-03-26 
001B    $03025:23-03-26 $t11:26:09.000 
001D    $03025:23-03-26 
001U    $0utf8 
001X    $00 
002@    $0Aou 
002C    $aText $btxt $2rdacontent 
002D    $aohne Hilfsmittel zu benutzen $bn $2rdamedia 
002E    $aBand $bnc $2rdacarrier 
003@    $0543147193 
010@    $ager 
010E    $erda 
011@    $a1985 
013D    $RVerzeichnis $RInformationsmittel $RKatalog $RLiteraturbericht $RNeuerwerbungsliste $RBibliograf $RBibliografin $#Bibliography, Critical $#Bibliography $#Bibliographie critique $#Bibliographie $#Bibliografia $#Bibliografía $#Bibliografías críticas $#bibliographies $#Bibliographie $#Bibliographie $#Literaturdokumentation $#Bibliographie $#Bibliographie der Bibliographien $#Bibliographie $#Abstract Formschlagwort $#Bücherverzeichnis $#Literaturdokumentation Formschlagwort $#Literaturverzeichnis $#Publikationen Formschlagwort $#Repertorium Bibliografie $#Werke Formschlagwort $#Bibliografien $#Bibliographien $74006432-3 $8Bibliografie [Tsz] $9085009210 
021A    $aBibliographie zu Leben und Werk des Veit Stoss $hEduard Isphording 
028A    $BVerfasser $4aut $7121702561 $8Isphording, Eduard$Z1935-2012 [Tp1] $9153022965 
031A    $h297-345 $j1985 
039B    $aEnthalten in $8--Aau--. Veit Stoss. - München : Dt. Kunstverlag, 1985. - 355 Seiten. - Illustrationen. - ISBN 3-422-00756-3 $x198500000000000703 $900447130X 
044K    $#Stwosz, Wit $#Stosz, Wit $#Stoss, Veit $#Stoss, Guy $7118618768 $8Stoß, Veit$Z1447-1533 [Tp1] $9086959719 
045F    $a709.43809031 $eDDC23BSB 
045F/01 $a709 
045F/01 $f09024 
045F/03 $f09031 
045F/03 $g438 

lok: 54314719 78

exp: 54314719 78 1 #EPN
201B/01 $023-03-26 $t11:25:12.000 
201C/01 $023-03-26 
201U/01 $0utf8 
203@/01 $0133893726X 
208@/01 $a23-03-26 $be 
209A/01 $a/ $f000 $x00 
209A/01 $ab*p $x01 
220C/01 $apgar 
244Z/01 $#Generalgouvernement Polen $#Polska $#Rzeczpospolita Polska $#Polska Rzeczpospolita Ludowa $#Poland $#Pologne $#République Polonaise $#Generalne Gubernatorstwo w Polsce $#Polish People's Republic $#Polska Rzeczpospolita Polen $#PRL $#RP $#Polen Generalgouvernement $#Polska Generalgouvernement $#Besetzte Polnische Gebiete $#Besetztes Gebiet in Polen $#Okupowane Polskie Obszary $#Obszary Okupowane w Polsce $#Volksrepublik Polen $#Polska Rosyjska $#Republic Polen $#Respublika Pol'ša $#Pol'skaja Narodnaja Respublika $#République de Pologne $#Polen Links der Weichsel $#Polska po Lewej Stronie Wisły $#Lenkija $#Polija $#Gubernija Carstva Pol'skago $#Republik Polen $74046496-9 $8--Tg1--Polen $x01 $9085129801 
247C/01 $82080>Marburg/Lahn, Herder-Institut, Forschungsbibliothek, Bibliographieportal $9336309341
LEADER 00000caa a2200000 c 4500
001 543147193
003 DE-603
005 20260323112609.0
007 tu
008 260323s1985 xx |||| | u00||u|ger c
035 |a (DE-599)HEB543147193 
040 |a DE-603  |b ger  |c DE-603  |d DE-603  |e rda 
041 |a ger 
082 0 4 |8 1\u  |a 709.43809031  |q DE-101  |2 23/BSB 
085 |8 1\u  |b 709 
085 |8 1\u  |z 1  |s 09031 
085 |8 1\u  |z 2  |s 438 
100 1 |a Isphording, Eduard  |d 1935-2012  |e Verfasser  |4 aut  |0 (DE-603)153022965  |0 (DE-588)121702561  |2 gnd 
245 0 0 |a Bibliographie zu Leben und Werk des Veit Stoss  |c Eduard Isphording 
264 0 |c 1985 
336 |a Text  |b txt  |2 rdacontent 
337 |a ohne Hilfsmittel zu benutzen  |b n  |2 rdamedia 
338 |a Band  |b nc  |2 rdacarrier 
600 1 7 |a Stoß, Veit  |d 1447-1533  |0 (DE-588)118618768  |0 (DE-603)086959719  |2 gnd 
655 7 |a Bibliografie  |2 gnd-content  |0 (DE-588)4006432-3  |0 (DE-603)085009210 
773 0 8 |i Enthalten in  |t Veit Stoss  |d München : Dt. Kunstverlag, 1985  |h 355 Seiten, Illustrationen  |z 3422007563  |g (1985), Seite 297-345  |w (DE-603)00447130X 
924 0 |9 2080  |a (DE-603)133893726X  |b DE-2080  |c HES  |d d  |g /